| 000 | 00703nam a22002297a 4500 | ||
|---|---|---|---|
| 999 |
_c20547 _d20547 |
||
| 003 | AR-CdUCM | ||
| 008 | 190401b ||||| |||| 00| 0 spa d | ||
| 040 |
_aMUNICIPALIDAD PROVINCIAL DEL CUSCO _cBIBLIOTECA MUNICIPAL DEL CUSCO |
||
| 041 | _hfre | ||
| 082 |
_a800 / _bD97 |
||
| 100 |
_aDumas, Alejandro _92589 |
||
| 245 | _aVeinte Años Después / | ||
| 260 |
_aBuenos Aires : _bSopena argentina ; _c1957. |
||
| 300 |
_a189 páginas ; _c23 cm. |
||
| 440 |
_aBiblioteca mundial sopena _910296 |
||
| 505 | _aContenido: Novela. | ||
| 650 |
_aNovela _9572 |
||
| 650 |
_aLiteratura juvenil _91580 |
||
| 700 |
_aCosta, N. I. (traducción) _942957 |
||
| 942 |
_2ddc _cLIBROS |
||
| 945 |
_adavv _d2019-05-31 |
||